00435nam a22001577a 45000050016000000100017000160200026000330350017000590370017000760820006000931000018000992450041001172600045001582700051002033000023002542010081201081.0 aB-407700-717 a9780007277124c325.00 aB-407700-717 bAakar Books  aS aParsons, Tony aMy favourite wife /cby Tony Parsons aLondon bHarperCollins Publishers c2008 a77-85 Fulham Place Road, Hammersmith bLondon  a405p. c23cm(pbk)